An investigation of the current state of preparedness of the flood damage management sector in the UK (Record no. 108813)
[ view plain ]
| 000 -LEADER | |
|---|---|
| fixed length control field | 02021cad a22002655a 4500 |
| 001 - CONTROL NUMBER | |
| control field | L145511 |
| 008 - FIXED-LENGTH DATA ELEMENTS--GENERAL INFORMATION | |
| fixed length control field | 081016e20081014xxkdo f s 000 0 eng d |
| 035 ## - SYSTEM CONTROL NUMBER | |
| System control number | (Sirsi) u145511 |
| 041 0# - LANGUAGE CODE | |
| Language code of text/sound track or separate title | eng |
| 050 04 - LIBRARY OF CONGRESS CALL NUMBER | |
| Classification number | 711.26 $2 18 |
| 100 1# - MAIN ENTRY--PERSONAL NAME | |
| Personal name | Proverbs, D. G. |
| 111 2# - MAIN ENTRY--MEETING NAME | |
| Meeting name or jurisdiction name as entry element | Construction and Building Research Conference |
| Location of meeting | Dublin Institute of Technology, Dublin |
| Date of meeting or treaty signing | 4-5 September 2008 |
| 245 03 - TITLE STATEMENT | |
| Title | An investigation of the current state of preparedness of the flood damage management sector in the UK |
| Remainder of title | what lessons have been learnt? |
| Medium | [electronic resource] |
| 260 ## - PUBLICATION, DISTRIBUTION, ETC. | |
| Place of publication, distribution, etc. | London |
| Name of publisher, distributor, etc. | RICS |
| Date of publication, distribution, etc. | 2008 |
| 505 2# - FORMATTED CONTENTS NOTE | |
| Formatted contents note | Flooding and its impact on property -- What happens post flooding -- Review of existing guidance -- Methodology -- Results and findings -- Use of guidance and being prepared for the next major flood event -- Conclusions and recommendations |
| 520 ## - SUMMARY, ETC. | |
| Summary, etc. | Recent flooding in the UK has put demands on the damage management industry in returning flood damaged properties back to habitable condition. Services provided by the damage management community have faced criticism and a need for investigation of the literature on the subject became apparent. As a result of this review, 26 factors were identified and included in a survey of damage management companies to gather opinions on their state of preparedness for the next major flood event. Survey results indicate that damage management companies see themselves as performing well in all areas and are fully prepared for the inevitable next major flood event. Interviews with flood damage experts, on the other hand, provided conflicting results. |
| 521 ## - TARGET AUDIENCE NOTE | |
| Target audience note | Advanced |
| 590 ## - LOCAL NOTE (RLIN) | |
| Local note | KA |
| 651 #4 - SUBJECT ADDED ENTRY--GEOGRAPHIC NAME | |
| Geographic name | England and Wales |
| Chronological subdivision | 1543- |
| 690 ## - LOCAL SUBJECT ADDED ENTRY--TOPICAL TERM (OCLC, RLIN) | |
| Topical term or geographic name as entry element | ENVIRONMENTAL AND LAND CONSULTANCY-WATER RESOURCE MANAGEMENT-FLOODING |
| 700 1# - ADDED ENTRY--PERSONAL NAME | |
| Personal name | Rhodes, D. A. |
| 710 1# - ADDED ENTRY--CORPORATE NAME | |
| Corporate name or jurisdiction name as entry element | Royal Institution of Chartered Surveyors |
| 9 (RLIN) | 4900 |
| 856 40 - ELECTRONIC LOCATION AND ACCESS | |
| Uniform Resource Identifier | <a href="https://www.rics.org/site/download_feed.aspx?fileID=3322&fileExtension=PDF">https://www.rics.org/site/download_feed.aspx?fileID=3322&fileExtension=PDF</a> |
| Public note | View the item free of charge online at www.rics.org... |
| 942 ## - ADDED ENTRY ELEMENTS (KOHA) | |
| Suppress in OPAC | 0 |
| Withdrawn status | Lost status | Source of classification or shelving scheme | Damaged status | Not for loan | Home library | Current library | Shelving location | Date acquired | Total Checkouts | Full call number | Barcode | Date last seen | Copy number | Price effective from | Koha item type |
|---|---|---|---|---|---|---|---|---|---|---|---|---|---|---|---|
| Dewey Decimal Classification | Virtual | Virtual | Online | 16/10/2008 | ONLINE PUBLICATION | 145511-1001 | 06/08/2019 | 1 | 06/08/2019 | Book |